Cargando...

Catalysis by ninmetals Rules for catalyst selection tr by Michel F Delleo,Jr etc. /

Detalles Bibliográficos
Autor Principal: Krylov, Oleg V.
Idioma:Undetermined
Publicado: 1970.
LEADER 00460nam a2200133Ia 4500
001 22905
008 170722s9999 xx 000 0 und d
100 |a Krylov, Oleg V. 
245 |a Catalysis by ninmetals  |b Rules for catalyst selection tr by Michel F Delleo,Jr etc. / 
260 |c 1970. 
500 |a Physical Chemisry ed by ernest M Loebl 
942 |c GEN 
999 |c 77791  |d 77791 
952 |0 0  |1 0  |4 0  |7 0  |8 LC1  |9 109557  |a LIB  |b LIB  |d 2017-08-12  |h LC1  |p 131400  |r 2017-08-12  |w 2017-08-12  |y GEN